| 000 | 01379cam a2200313 a 4500 | ||
|---|---|---|---|
| 001 | 4000069 | ||
| 003 | ARRUPE | ||
| 005 | 20140206114656.0 | ||
| 008 | 960911s1998 nyu b 000 0 eng | ||
| 010 | _a 96043600 | ||
| 020 | _a0195111923 (pbk. : acidfree paper) | ||
| 040 |
_aDLC _cDLC _dDLC |
||
| 050 | 0 | 0 |
_aBS2330.2 _b.E355 1998 |
| 082 | 0 | 0 |
_a270.1 _220 |
| 100 | 1 |
_aEhrman, Bart D. _98082 |
|
| 245 | 1 | 4 |
_aThe New Testament and other early Christian writings : _ba reader / _cBart D. Ehrman. |
| 260 |
_aNew York : _bOxford University Press, _c1998. |
||
| 300 |
_aiv, 412 p. ; _c24 cm. |
||
| 504 | _aIncludes bibliographical references. | ||
| 630 | 0 | 0 |
_aBible. _pNew Testament _xIntroductions. _98083 |
| 650 | 0 |
_aChristian literature, Early _xHistory and criticism. _98084 |
|
| 650 | 0 |
_aChurch history _yPrimitive and early church, ca. 30-600. _98085 |
|
| 856 | 4 | 2 |
_3Publisher description _uhttp://www.loc.gov/catdir/enhancements/fy0636/96043600-d.html |
| 856 | 4 | 1 |
_3Table of contents only _uhttp://www.loc.gov/catdir/enhancements/fy0636/96043600-t.html |
| 856 | 4 | 2 |
_3Contributor biographical information _uhttp://www.loc.gov/catdir/enhancements/fy0724/96043600-b.html |
| 906 |
_a7 _bcbc _corignew _d1 _eocip _f19 _gy-gencatlg |
||
| 942 |
_2lcc _cMONOGRAPH |
||
| 999 |
_c119977 _d119977 |
||